| 000 | 00878nas a2200265 4500 | ||
|---|---|---|---|
| 001 | BR9804449 | ||
| 003 | BR-BrBNA | ||
| 005 | 20231205101056.0 | ||
| 007 | ta | ||
| 008 | 230509b bl.|||p| |||| 00| 00por d | ||
| 040 |
_aBR-BrBNA _bpor _cBiblioteca Nacional de Agricultura |
||
| 041 | _a(Pt) | ||
| 072 | _aL72 | ||
| 100 | 1 | _aSanavria, A. | |
| 100 | 1 | _aPrata, M.C.A. | |
| 100 | 1 | _aMorais, M.C. | |
| 245 | 1 | _aDeterminacao de alguns parametros biologicos de Anocentor nitens (Neumann, 1897)(Acari: Ixodidae)em infestacao artificial de equinos | |
| 650 | _aEquino | ||
| 650 | _aAcaro | ||
| 650 | _aInfestacao | ||
| 650 | _aRio de Janeiro | ||
| 773 | 0 |
_tArquivos da Faculdade de Veterinaria da Universidade Federal do Rio Grande do Sul (Brazil) _xISSN 0101-5230 _g(1996), v. 24(2) p. 87-94 _wBR9804449 |
|
| 909 |
_a202311 _bLúcia _c55 _dLúcia Elande |
||
| 942 |
_2AGRIS _n0 _cANA |
||
| 999 |
_c159570 _d159570 |
||